000 01965cam a22003974a 4500
001 12768580
005 20060815202639.0
008 020508s2003 enka bf 001 0 eng
010 _a 2002106569
020 _a1412945852
020 _a9781412945851
035 _a(DLC) 2002106569
040 _aDLC
_cDLC
_dDLC
042 _apcc
050 0 0 _aLB2395
_b.B84 2003
082 _220
_a373.30281
_bBUR
100 1 _aBurns, Tom,
_d1959-
_94922
245 1 0 _aEssential Study Skills :
_bThe Complete Guide to Success at University /
_cTom Burns and Sandra Sinfield.
250 _a2nd ed.
260 _aLondon ;
_aThousand Oaks, Calif. :
_bSAGE Publications, 2008
_c2008
300 _a321 p. :
_bill. ;
_c25 cm.
440 0 _aSage study skills
_94923
504 _aIncludes bibliographical references and index.
650 0 _aStudy skills
_vHandbooks, manuals, etc.
_94924
650 0 _aCollege student orientation
_vHandbooks, manuals, etc.
_94925
653 _bGeneral
_cOctober2011
_bBus
_cOctober2011
700 1 _aSinfield, Sandra.
_94926
856 4 2 _3Publisher description
_uhttp://www.loc.gov/catdir/enhancements/fy0657/2002106569-d.html
856 4 1 _3Table of contents only
_uhttp://www.loc.gov/catdir/enhancements/fy0657/2002106569-t.html
942 _2ddc
_cBB
999 _c16115
_d16115